000 01225nac a22003137a 4500
001 BR8707929
003 BR-BrBNA
005 20240105120638.0
008 230509b bl.|||m| |||| 00| 0 por d
040 _aBR-BrBNA
_bpor
_cBiblioteca Nacional de Agricultura
072 _aH10
090 _a2480 BR8707929
100 1 _aJunqueira, N.T.V.
100 1 _aLima, M.I.P.M.
100 1 _aMartins, M.A.M.
100 1 _aMagalhaes, F.E.L.
110 1 _aCentro Nacional de Pesquisa de Seringueira e Dende, Manaus, AM (Brasil)
_91799
245 1 _aIsolamento e cultivo do fungo Sporothrix insectorum (Hoog e Evans), a ser utilizado para o controle da mosca-de-renda da seringueira [Leptopharsa heveae]
246 1 _a[Isolation and cultivation of Sporothrix insectorum (Hoog and Evans)to control pests in Hevea brasiliensis]
260 3 _aManaus, AM (Brasil):
_c1987.
300 _a4 p.
490 _aComunicado Tecnico - Centro Nacional de Pesquisa de Seringueira e Dende (Brazil)
_vno. 56
_xISSN 0101-2118
650 _aSERINGUEIRA
650 _aMOSCA DE RENDA
650 _aCONTROLE BIOLOGICO
650 _aFUNGO PARA CONTROLE BIOLOGICO
909 _a202312
_bLúcia Elande
_c55
_dLúcia Elande
942 _2AGRIS
_n0
_cMS
999 _c280654
_d280654